[Event "Olympiad Women 2024"]
[Site "Budapest HUN"]
[Date "2024.09.19"]
[Round "8.41"]
[Board "1"]
[White "Marape, Naledi"]
[Black "Pipiras, Filipa Fortuna"]
[Result "0-1"]
[WhiteElo "1926"]
[BlackElo "2187"]
[PlyCount "94"]
[EventDate "2024.09.11"]
[WhiteTeam "Botswana"]
[BlackTeam "Portugal"]
[WhiteTeamCountry "BOT"]
[BlackTeamCountry "POR"]

1. e4 c5 2. Nf3 e6 3. d4 cxd4 4. Nxd4 Nc6 5. Nc3 Qc7 6. Be3 a6 7. Qd2 Nf6 8. f3 b5 9. O-O-O Bb7 10. Kb1 Be7 ({RR} 10... Ne5 11. g4 Be7 12. g5 Nh5 13. Rg1 O-O 14. h4 Rac8 15. Qf2 b4 16. Na4 d5 17. f4 Nc4 18. Bxc4 dxc4 19. f5 Bxe4 20. fxe6 b3 21. Nc3 bxc2+ 22. Nxc2 fxe6 23. Qe2 Bg6 24. Bc1 Qb6 25. Be3 {1-0 Nepomniachtchi,I (2770)-Matinian,N (2394) Titled Tue 4th Jun Late 2024 (10)}) 11. g4 O-O ({RR} 11... Ne5 12. Be2 b4 13. Na4 d5 14. g5 Nfd7 15. f4 Nc4 16. Bxc4 dxc4 17. f5 e5 18. Ne6 fxe6 19. fxe6 Nf8 20. Qf2 Nxe6 21. Nb6 Rd8 22. Qf5 Nd4 23. Bxd4 Rxd4 24. Nd5 Bxd5 25. exd5 Rxd1+ 26. Rxd1 {0-1 Slovineanu,V (2412)-Adireddy,A (2314) Titled Tue 7th May Early 2024 (5)}) 12. h4 Rfd8 13. h5 $146 ({RR} 13. Qf2 Rdc8 14. h5 Nxd4 15. Bxd4 Bc6 16. Rc1 b4 17. Nd1 Rcb8 18. g5 Ne8 19. Rg1 e5 20. Be3 d5 21. exd5 Bxd5 22. Bd3 Qc6 23. g6 fxg6 24. hxg6 h6 25. Qh2 Bf6 26. Nf2 e4 27. Nxe4 Bxa2+ {1-0 Ziberna,K (2068)-Buzeti,J (1848) SLO-chT U20 Novo Mesto 2003 (3)}) 13... b4 14. Nce2 d5 15. g5 dxe4 16. gxf6 Bxf6 17. f4 Nxd4 18. Nxd4 Bxd4 19. Bxd4 e3 20. Qh2 Bxh1 21. Qxh1 Qxf4 22. Be2 Qf2 23. Qf3 Qxf3 24. Bxf3 Rac8 25. Bxe3 Rxd1+ 26. Bxd1 e5 27. Bf3 Rd8 28. a3 bxa3 29. bxa3 f5 30. Be2 f4 31. Bc1 Rb8+ 32. Ka2 g5 33. hxg6 hxg6 34. c4 g5 35. Bf3 Kf7 36. c5 Ke6 37. a4 Kf5 38. Be2 Rc8 39. Ba3 a5 40. Ba6 Rc7 41. Bb5 e4 42. c6 Ke5 43. Bb2+ Kd5 44. Bc3 g4 45. Bxa5 Rxc6 46. Kb3 g3 47. Bd2 g2 0-1

[Event "Olympiad Women 2024"]
[Site "Budapest HUN"]
[Date "2024.09.19"]
[Round "8.41"]
[Board "2"]
[White "Silva, Mariana"]
[Black "Gabatshwarwe Refilwe"]
[Result "0-1"]
[WhiteElo "2005"]
[BlackElo "1787"]
[PlyCount "158"]
[EventDate "2024.09.11"]
[WhiteTeam "Portugal"]
[BlackTeam "Botswana"]
[WhiteTeamCountry "POR"]
[BlackTeamCountry "BOT"]

1. d4 d5 2. c4 e6 3. Nc3 Nf6 4. cxd5 exd5 5. Bg5 Be7 6. e3 O-O 7. Bd3 c6 8. Nge2 Re8 9. O-O Nbd7 10. Qc2 h6 11. Bh4 Ne4 12. Bxe7 Qxe7 13. Rae1 Ndf6 14. f3 Nxc3 15. Nxc3 Qd6 16. Kh1 ({RR} 16. Qf2 Be6 17. g4 b5 18. h4 Nd7 19. Kg2 a6 20. Ne2 c5 21. dxc5 Nxc5 22. Bb1 Bd7 23. Nd4 Ne6 24. Nf5 Qf8 25. Rd1 g6 26. Ng3 Bc6 27. h5 d4 28. exd4 Nf4+ 29. Kh2 Qd6 30. Be4 Kh8 {½-½ Matviishen,V (2512)-Livaic,L (2507) FIDE World Uni Rapid-A 1st 2021 (8)}) ({RR} 16. a3 Bd7 17. h3 Re7 18. Na4 b6 19. b4 Nh5 20. g4 Nf6 21. Kg2 Rae8 22. Qf2 Qc7 23. e4 dxe4 24. fxe4 c5 25. b5 c4 26. Bb1 Bxb5 27. Nc3 Bc6 28. Qc2 Nxe4 29. Rf3 Ng5 30. Rxe7 Bxf3+ {0-1 Li,Z-Li,H (1557) Chinese Youth U20 2024 (8.30)}) 16... Bd7 17. Qf2 c5 18. Ne2 $146 ({RR} 18. Qh4 c4 19. Bb1 b5 20. e4 dxe4 21. Nxe4 Qb6 22. h3 Rad8 23. Qf2 Bf5 24. Rd1 Re7 25. Rfe1 Red7 26. Nc5 Rd5 27. Be4 Bxe4 28. fxe4 Rg5 29. e5 Nd5 30. Ne4 Rg6 31. Nd6 Rgxd6 32. exd6 Qxd6 {½-½ Slamar,V (2138)-Bosnjak,N (2123) Hum na Sutli op 10th 2016 (5)}) ({RR} 18. dxc5 Qxc5 19. Qd2 Rad8 20. Re2 b5 21. a3 a5 22. Rc1 Qb6 23. Na2 Be6 24. b4 Ra8 25. Nc3 Bd7 26. Bb1 axb4 27. axb4 Be6 28. Qd3 Reb8 29. Rd2 Rc8 30. Rdc2 Rc4 31. Na2 Rac8 32. Rc3 Qa7 {1-0 Aakash,G (1514)-Sanchit,A (1836) New Delhi Parsvnath blitz op 18th 2020 (4)}) 18... c4 19. Bb1 Bc6 20. Ng3 Rad8 21. Nf5 Qf8 22. Qh4 Bd7 23. Nxh6+ gxh6 24. Qxf6 Qg7 25. Qxg7+ Kxg7 26. Rf2 a6 27. Kg1 Bc6 28. Rd2 Re7 29. e4 f6 30. Kf2 Rde8 31. Rde2 b6 32. exd5 Rxe2+ 33. Rxe2 Rxe2+ 34. Kxe2 Bxd5 35. Be4 Bf7 36. Kd2 Kf8 37. Bb7 a5 38. Ba6 c3+ 39. Kxc3 Bxa2 40. b3 Bb1 41. Bb5 Ke7 42. d5 Kd6 43. Kd4 Bc2 44. Kc3 Bg6 45. Kc4 Bc2 46. Bc6 Bd1 47. Kc3 Be2 48. f4 Bf1 49. g3 Kc5 50. Bb7 b5 51. Kb2 Be2 52. Kc3 Bh5 53. Ba6 b4+ 54. Kd3 Bg6+ 55. Kd2 Kxd5 56. Bc4+ Kd4 57. Be6 Be8 58. Kc2 Ke3 59. Bd5 Bg6+ 60. Kd1 Kd3 61. g4 Be4 62. Bc4+ Ke3 63. g5 fxg5 64. fxg5 hxg5 65. Ke1 Bc2 66. Be6 a4 67. bxa4 Bxa4 68. Bf5 Bb5 69. Bc2 Bc4 70. Ba4 Be2 71. Bb3 Kd3 72. Kf2 Kc3 73. Be6 Bc4 74. Bf5 b3 75. Ke3 b2 76. Bb1 Bb3 77. Ke2 Bc2 78. Ba2 Bf5 79. Kf3 Kb4 0-1

[Event "Olympiad Women 2024"]
[Site "Budapest HUN"]
[Date "2024.09.19"]
[Round "8.41"]
[Board "3"]
[White "Banda Natalie Katlo"]
[Black "Duque, Raquel Dos Santos"]
[Result "0-1"]
[WhiteElo "1893"]
[BlackElo "1913"]
[PlyCount "86"]
[EventDate "2024.09.11"]
[WhiteTeam "Botswana"]
[BlackTeam "Portugal"]
[WhiteTeamCountry "BOT"]
[BlackTeamCountry "POR"]

1. d4 {Marin,Mihail} Nf6 2. c4 e6 3. Nf3 Bb4+ 4. Nbd2 O-O 5. Qc2 b6 6. g3 Bb7 7. Bg2 Be7 8. O-O d5 9. Ne5 ({RR} 9. cxd5 exd5 10. Rd1 ({RR} 10. Ne5 c5 11. dxc5 ({RR} 11. Ndf3 Na6 12. Bh3 Ne4 13. Be3 Bd6 14. a3 Qe7 15. Rfd1 c4 16. Nh4 g6 17. Nef3 Bc8 18. Bxc8 Raxc8 19. Ng2 Nb8 20. Bf4 b5 21. h4 Nd7 22. Ne3 Qe6 23. Ng2 Rfe8) 11... bxc5 12. Ndc4 Qc7 ({RR} 12... Re8 13. Bf4 Qc8 14. Na5 Ba6 15. Rfd1 Nbd7 16. Bh3) 13. Bf4 g5 14. Bxg5 dxc4 15. Qf5 Bxg2 16. Bxf6 Bxf6 17. Qxf6 Bxf1 18. Qg5+ Kh8 19. Qf6+) ({RR} 10. b3 c5 11. Bb2 Nbd7 12. Rac1 Re8 13. Rfd1 Bf8 14. Ne5 Rc8 15. Qf5 cxd4 16. Nxd7 Rxc1 17. Rxc1 Qxd7 18. Qxd7 Nxd7 19. Bf1 d3) 10... Na6 11. a3 Qc8 ({RR} 11... c5 12. dxc5 ({RR} 12. Nf1 Rc8 13. Bf4 cxd4 14. Qb1 d3 15. Qxd3 Nc5 16. Qc2 Nce4 ({RR} 16... Ne6) 17. Qd3 Ng4 18. Be3 Bc5 19. Nd4 Qf6) ({RR} 12. Nb1 Nc7 13. Nc3 Ne6) 12... bxc5 ({RR} 12... Nxc5 13. b4 Ne6 14. Bb2 a5) 13. Nc4 ({RR} 13. e4) 13... Re8 14. Bf4 Bf8 15. Qb3 ({RR} 15. Ne1 Nc7 16. Ne3 Nb5) 15... Re7 ({RR} 15... Bc6 16. Nce5) ({RR} 15... Qc8 16. Na5) 16. Nd6) 12. Nb1 ({RR} 12. b4 c5 13. bxc5 bxc5 14. Bb2 ({RR} 14. dxc5 Nxc5 15. Bb2 Nce4) 14... c4 15. Ne5 Rb8 16. Rab1 ({RR} 16. Bc3 Nc7 17. Rab1 Ba8 18. a4 Ne6) 16... Re8 17. e4 dxe4 18. Ndxc4 Nc7) 12... c5 13. Nc3 Nc7 14. Nh4 ({RR} 14. Bg5 h6 15. Bxf6 Bxf6 16. e3 Ne6 17. dxc5 Qxc5) ({RR} 14. Bf4 Ne6 15. Bh3 Qd8 16. Be5 Nd7) ({RR} 14. Be3 Ne6 15. Bh3 Qd8) 14... g6 ({RR} 14... Re8 15. Nf5 Bf8 16. dxc5 ({RR} 16. Bg5 Ne4 17. Nxe4 dxe4 18. Bh3 Ne6 19. Nxg7 Bxg7 20. d5 Nd4 21. Bxc8 Nxc2 22. Bxb7 Nxa1 23. Bxa8 Rxa8 24. d6 f6 25. Bf4 Nb3 26. d7 Nd4 27. Bc7 Ne6 28. d8=Q+ Nxd8 29. Bxd8 c4) 16... bxc5 17. Bg5 d4 ({RR} 17... Ne4 18. Nxe4 dxe4 19. Nd6) 18. Bxb7 Qxb7 19. Bxf6 gxf6 20. Na4 ({RR} 20. Nb1 Rad8) 20... Ne6) 15. Bh6 Rd8 ({RR} 15... Re8 16. Nf3 Ne6 17. Bh3 Qd8 18. Rac1) 16. Nf3 Ne6 17. h3 ({RR} 17. e3 Ng4) ({RR} 17. Bh3 Ne4 18. Rac1 f5 19. e3 Bf6) 17... Qc6 ({RR} 17... cxd4 18. Nxd4 Nxd4 19. Rxd4 Ne4 20. Qb3 ({RR} 20. Rc1 Nxc3 21. Qxc3 Qxc3 22. Rxc3 Bf6) 20... Nxc3 21. bxc3 Bc5 22. Rd3 Qf5 23. Bf4 Re8 24. Qd1 Rac8 25. h4 Bf8 26. a4 Ba6 27. Rxd5 Bxe2 28. Qd2 Qf6) ({RR} 17... Ne4) 18. e3 ({RR} 18. Ne5 Qe8 ({RR} 18... Qc7 19. Nb5 Qb8 20. Nf3 Ne4) 19. e3 Rac8) 18... Rac8 19. Qe2 Qe8 20. Ne5 Ne4 21. Rac1 ({RR} 21. Nxe4 dxe4) ({RR} 21. Bxe4 dxe4 22. d5 Ng7 ({RR} 22... Nc7 23. Qc4 Rd6 24. Bf4 g5 25. Nxe4 Rxd5 26. Ng4 Rxd1+ 27. Rxd1 Bxe4 28. Bxc7 Bf3 29. Nh6+ Kg7 30. Nf5+ Kg8 31. Nh6+ Kf8 32. Qc2 Kg7 33. Nf5+ Kg8) 23. Ng4 Kh8 ({RR} 23... f5 24. d6) 24. Qc4 f5 25. d6 fxg4 26. dxe7 Qxe7 27. hxg4) 21... cxd4 ({RR} 21... f6 22. Ng4 ({RR} 22. Qg4 f5 23. Qe2 Bf6 24. Nf3 g5 25. h4 gxh4) 22... cxd4 23. exd4 f5 24. Nxe4 dxe4 ({RR} 24... Rxc1 25. Nef6+) 25. Rxc8 Bxc8 26. d5 Qa4 27. Ne3 Nd4 28. Qd2 Bf6) 22. exd4 f5 23. Kh2 ({RR} 23. Nxe4 Rxc1 24. Bxc1 dxe4) 23... Bf6 {½-½ Grischuk,A (2797)-Karjakin,S (2767) Baku FIDE GP 2014 (2)}) 9... Nbd7 10. Ndf3 ({RR} 10. cxd5 Nxe5 11. dxe5 Ng4 {1-0 Morales Marmol,M (2285)-Nieto Lopez,F (1840) 43rd Benasque Open 2024 (1.58)}) 10... c5 11. Bf4 $146 ({RR} 11. dxc5 Nxc5 12. Rd1 Rc8 13. b3 Qc7 14. Bb2 Nce4 15. Rac1 b5 16. Qb1 bxc4 17. bxc4 Qb6 18. Bd4 Qxb1 19. Rxb1 Ba6 20. cxd5 Nxd5 21. Nc6 Rxc6 22. Ne5 Rc2 23. Bxe4 Rxe2 24. Bxd5 exd5 25. Nc6 Ba3 {½-½ Kohler,T (2245)-Burger,H (2084) Berlin op 07 2006 (3)}) 11... Rc8 12. Qa4 cxd4 13. Nxd7 Nxd7 14. cxd5 Bxd5 15. Qxd4 Bf6 16. Qd2 Nc5 17. Ne5 g5 18. Bxd5 gxf4 19. Ng4 Bg7 20. Rfd1 Qxd5 21. Qxf4 Qf5 22. Qxf5 exf5 23. Ne3 Bxb2 24. Rab1 Bf6 25. Nxf5 Rfd8 26. Ne3 Ne4 27. Rxd8+ Rxd8 28. Ng4 h5 29. Nxf6+ Nxf6 30. Rb2 Ne4 31. a4 Rd1+ 32. Kg2 Ra1 33. Rb5 Nc5 34. f3 Rxa4 35. h3 Ra3 36. Rb1 Rb3 37. Ra1 a5 38. g4 hxg4 39. hxg4 Rb2 40. Kf2 a4 41. Ke3 b5 42. f4 b4 43. g5 a3 0-1

[Event "Olympiad Women 2024"]
[Site "Budapest HUN"]
[Date "2024.09.19"]
[Round "8.41"]
[Board "4"]
[White "Avelino, Camila Biscaya"]
[Black "Mosweu, Atlang Amolemo"]
[Result "1-0"]
[WhiteElo "1843"]
[BlackElo "1797"]
[PlyCount "87"]
[EventDate "2024.09.11"]
[WhiteTeam "Portugal"]
[BlackTeam "Botswana"]
[WhiteTeamCountry "POR"]
[BlackTeamCountry "BOT"]

1. e4 {Lasker,Emanuel} c6 2. d4 d5 3. exd5 cxd5 4. Bd3 Nc6 5. c3 Nf6 ({RR} 5... e5 6. dxe5 Nxe5 7. Nf3) 6. Bf4 e6 7. Nf3 Bd6 8. Bxd6 Qxd6 9. O-O O-O 10. Re1 b6 11. Nbd2 Bb7 12. Ne5 g6 $146 ({RR} 12... Nd7 13. Nxd7 Qxd7 14. Qh5 f5 15. Re3 Rf6 16. Rae1 Raf8 17. Qe2 Nd8 18. f4 Rh6 19. Nf3 Rff6 20. Ne5 Qe7 21. Rg3 Nf7 22. Nxf7 Qxf7 23. Qe5 Bc8 24. Qb8 Qb7 25. Qxb7 Bxb7 26. Rge3 Kf7 27. h3 {0-1 Kim,Y-Pham,D Wch U10 Girls 2000 (3)}) ({RR} 12... Nd7 13. f4 g6 14. Re3 f6 15. Nxd7 Qxd7 16. Qg4 Rae8 17. Rae1 Bc8 18. Qh4 Ne7 19. Nf3 Nf5 20. Bxf5 exf5 21. Qf2 Re4 22. Nd2 Ba6 23. Nxe4 fxe4 24. f5 Qxf5 25. Qxf5 gxf5 26. Rh3 Kg7 27. Kf2 {1-0 Sirosh,I (2402)-Garcia Cuenca,V (2369) Titled Tuesday intern op 28th Jun Early blitz 2022 (6)}) ({RR} 12... a5 13. Rc1 Ne7 14. Qf3 Ba6 15. Bb1 Rfc8 16. g4 Rf8 17. g5 Nd7 18. Qh3 g6 19. Re3 Nf5 20. Bxf5 exf5 21. Qh6 Rfe8 22. Nxd7 Qxd7 23. Rh3 f6 24. gxf6 Re6 25. Nf3 Rxf6 26. Re1 Rf7 27. Ne5 {1-0 Calzetta Ruiz,M (2199)-Mosweu,A (1797) Olympiad Women 2024 (1.10)}) ({RR} 12... Nd7 13. Ndf3 f6 14. Nxc6 Bxc6 15. Qc2 f5 ({RR} 15... h6 16. Bh7+ Kh8 17. Nh4 Rfe8 ({RR} 17... Rfd8 18. Rxe6 Qxe6 19. Ng6+ Kxh7 20. Nf8+) 18. Bg6 Re7 19. Re3) 16. Re3 h6 17. Rae1 Rf6 18. Qe2 Nf8 19. Ne5 Be8 20. f4 ({RR} 20. h4) 20... Rc8 21. Bc2 ({RR} 21. g4 fxg4 22. Qxg4) 21... Rc7 22. Bb3 g5 23. g3 Rg7 24. Kh1 Kh7 25. Qf3 g4 ({RR} 25... h5 26. fxg5 Rxg5 27. Qf4 Rg7 28. Ng4) 26. Qg2 h5 27. Bc2 {1-0 Olland,A-Davidson,J Match Olland-Davidson 1927 (9)}) ({RR} 12... Ne7 13. Qf3 Ng6 14. Re3 Nd7 15. Nxd7 Qxd7 16. Qh5 Qe8 17. Rae1 Bc8 18. Nf3 h6 19. Bxg6 fxg6 20. Qxd5 exd5 21. Rxe8 Bf5 22. Rxa8 Rxa8 23. Re7 b5 24. Rb7 a6 25. Ne5 g5 26. f3 Bb1 27. a3 {1-0 Kovacs,G (2496)-Haertl,S (2078) Oberwart op 2011 (1)}) 13. Re3 Kg7 14. Qf3 Nd7 15. Nxd7 Qxd7 16. Qf4 Rae8 17. Rh3 f5 18. Nf3 Kg8 19. Bb5 Qg7 20. Re1 Re7 21. Bxc6 Bxc6 22. Ng5 Qf6 23. Nxh7 Rxh7 24. Rxh7 Kxh7 25. Qc7+ Rf7 26. Qxc6 Re7 27. Qd6 Kg8 28. Re3 Qg5 29. f4 Qf6 30. Rh3 Re8 31. Rg3 Kf7 32. Rg5 Qe7 33. Qxe7+ Rxe7 34. h4 Kf6 35. h5 Rg7 36. Kf2 gxh5 37. Rxh5 Rg4 38. Kf3 Kg7 39. Rg5+ Rxg5 40. fxg5 Kg6 41. Kf4 Kh5 42. Ke5 Kxg5 43. Kxe6 Kf4 44. Kxd5 1-0

[Event "Olympiad Women 2024"]
[Site "Budapest HUN"]
[Date "2024.09.19"]
[Round "8.42"]
[Board "1"]
[White "Perez Rodriguez, Jennifer"]
[Black "Quevedo, Andreina"]
[Result "1/2-1/2"]
[WhiteElo "2224"]
[BlackElo "1851"]
[PlyCount "84"]
[EventDate "2024.09.11"]
[WhiteTeam "Paraguay"]
[BlackTeam "Uruguay"]
[WhiteTeamCountry "PAR"]
[BlackTeamCountry "URU"]

1. d4 Nf6 2. c4 e6 3. Nf3 d5 4. g3 Bb4+ 5. Bd2 Bxd2+ 6. Nbxd2 O-O 7. Bg2 b6 8. O-O Bb7 9. Rc1 Nbd7 10. b4 dxc4 11. Nxc4 Qe7 12. Qb3 Bd5 13. Qb2 c5 $146 ({RR} 13... Rac8 14. Nfd2 Bxg2 15. Kxg2 c5 16. dxc5 bxc5 17. b5 Nb6 18. Na5 Nfd5 19. Qb3 Qc7 20. Nc6 Qb7 21. Rxc5 Ne7 22. Rfc1 Nd7 23. R5c2 Ne5 24. Qa4 N5xc6 25. bxc6 Rxc6 26. Rxc6 Rc8 27. Qxa7 {1-0 Kudischewitsch,D (2336)-Striechman,O (1897) Czerniak Memorial schev 26th 2011 (9)}) 14. dxc5 bxc5 15. b5 Rab8 16. Nfd2 Bxg2 17. Kxg2 a6 18. a4 axb5 19. axb5 Nd5 20. Ne4 f5 21. Nc3 Nxc3 22. Rxc3 e5 23. Rd1 Nf6 24. Rb3 e4 25. b6 f4 26. gxf4 Nh5 27. e3 Qh4 28. Ne5 Rbe8 29. Kf1 Qxh2 30. Rd5 Rxf4 31. exf4 Nxf4 32. Rg3 Qh1+ 33. Rg1 Qh3+ 34. Ke1 Nxd5 35. b7 Nb4 36. Rg3 Qh1+ 37. Ke2 Qh5+ 38. Kf1 Qh1+ 39. Ke2 Qh5+ 40. Kf1 Qh1+ 41. Rg1 Qh3+ 42. Ke2 Qh5+ 1/2-1/2

[Event "Olympiad Women 2024"]
[Site "Budapest HUN"]
[Date "2024.09.19"]
[Round "8.42"]
[Board "2"]
[White "Fabra, Nahiara"]
[Black "Montiel Caceres, Helen"]
[Result "0-1"]
[WhiteElo "1932"]
[BlackElo "1864"]
[PlyCount "76"]
[EventDate "2024.09.11"]
[WhiteTeam "Uruguay"]
[BlackTeam "Paraguay"]
[WhiteTeamCountry "URU"]
[BlackTeamCountry "PAR"]

1. e4 c5 2. c3 d5 3. exd5 Qxd5 4. d4 Nf6 5. Nf3 e6 6. Be3 cxd4 7. cxd4 Bb4+ 8. Nc3 O-O 9. Bd3 Nc6 10. O-O Qa5 11. Qe2 ({RR} 11. Ne4 Be7 12. a3 Nd5 13. Rc1 Qb6 14. b4 Rd8 15. Nfg5 g6 16. Qf3 f5 17. Qh3 h5 18. Qg3 Qc7 19. Qxc7 Nxc7 20. Nc5 Bf6 21. Bc4 Nxd4 22. Bf4 Nd5 23. Bxd5 Rxd5 24. Rfe1 e5 25. Be3 e4 {1-0 Bortnyk,O (2604)-Rasulov,V (2525) Titled Tue 1st Nov Late 2022 (8)}) ({RR} 11. Ne4 Nd5 12. Nfg5 h6 13. Qh5 Be7 14. Nf3 Nxe3 15. Qxa5 Nxa5 16. fxe3 b6 17. b4 Nc6 18. a3 Bb7 19. Rac1 Rac8 20. Kf2 Rfd8 {0-1 Rodriguez Urbaneja,R (2160)-Raja,R (2522) Titled Tue 16th Jan Early 2024 (3)}) 11... Bd7 12. Rfd1 $146 ({RR} 12. Rfc1 Rfc8 13. a3 Bf8 14. b4 Qd8 15. Ne5 Be8 16. Nxc6 Bxc6 17. b5 Bd5 18. Nxd5 Nxd5 19. Rc4 Rxc4 20. Bxc4 Rc8 21. a4 g6 22. Qa2 Nxe3 23. fxe3 Bh6 24. Qe2 Bxe3+ 25. Qxe3 Rxc4 26. d5 Qxd5 {0-1 Schellmann,F (2141)-Smirnov,S (2201) IBCA EU-ch blind 04th 2007 (2.5)}) 12... Rac8 13. Ne4 Be7 14. Bg5 Nd5 15. Bxe7 Ncxe7 16. Nfg5 h6 17. Nh3 Nf5 18. Qh5 Qd8 19. Bb1 Bb5 20. Ng3 Nf6 21. Qf3 Nxd4 22. Qe3 Ne2+ 23. Qxe2 Bxe2 24. Bh7+ Kxh7 25. Rxd8 Rfxd8 26. Nxe2 Rd2 27. Kf1 Rxb2 28. Nd4 Rc4 29. Nf3 g5 30. Ne5 Rcc2 31. a3 g4 32. Nd3 Ra2 33. Rb1 gxh3 34. gxh3 Rd2 35. Ne5 Rxf2+ 36. Kg1 Rg2+ 37. Kh1 Rxh2+ 38. Kg1 Rag2+ 0-1

[Event "Olympiad Women 2024"]
[Site "Budapest HUN"]
[Date "2024.09.19"]
[Round "8.42"]
[Board "3"]
[White "Oviedo Acosta, Paula"]
[Black "Silva Rosas, Natalia"]
[Result "1-0"]
[WhiteElo "1790"]
[BlackElo "1868"]
[PlyCount "65"]
[EventDate "2024.09.11"]
[WhiteTeam "Paraguay"]
[BlackTeam "Uruguay"]
[WhiteTeamCountry "PAR"]
[BlackTeamCountry "URU"]

1. e4 b6 2. d4 Bb7 3. Bd3 d6 4. Nf3 Nd7 5. b3 $146 ({RR} 5. c3 e5 6. O-O Be7 7. Re1 Ngf6 8. Nbd2 O-O 9. Nf1 Re8 10. Ng3 g6 11. Bd2 Rc8 12. Rc1 Bf8 13. Bb1 Bg7 14. h3 Nf8 15. Be3 N6d7 16. Qd2 Ne6 17. d5 Nef8 18. b3 Nf6 19. Bh6 N8d7 {1-0 Polomis,Z (1760)-Lener,J (1860) Klatovy op-B 2001}) ({RR} 5. a4 a6 6. O-O g6 7. a5 c5 8. e5 cxd4 9. exd6 Bg7 10. Na3 e6 11. Be2 Ngf6 12. Nxd4 O-O 13. axb6 Ne4 14. Nb3 Nxb6 15. Na5 Nxd6 16. Bf4 e5 17. Nxb7 Nxb7 18. Qxd8 Rfxd8 19. Be3 Nd5 {½-½ Berserk13 (3540)-KomodoDragon3.3 (3592) TCEC 26 Premier 2024 (38.3)}) ({RR} 5. O-O g6 6. Re1 Bg7 7. Nbd2 e5 8. c3 Ne7 9. Nf1 O-O 10. Ng3 h6 11. h3 f5 12. dxe5 dxe5 13. exf5 gxf5 14. Bb5 Nc5 15. Be3 e4 16. Bxc5 bxc5 17. Nh4 Qd6 18. Nh5 Be5 19. Qe2 Kh7 {0-1 Kobalia,M (2543)-Balaji,A (2355) Abu Dhabi Masters Online 2024 (6)}) ({RR} 5. O-O e5 6. d5 Ngf6 7. c4 a5 8. Nc3 g6 9. a3 h5 10. Rb1 Bh6 11. b4 axb4 12. axb4 Kf8 13. Nd2 h4 14. Nb3 Bc8 15. c5 bxc5 16. bxc5 Nh5 17. Ne2 Ndf6 18. cxd6 cxd6 19. Bxh6+ Rxh6 {0-1 Pires,M (2302)-Ozen,B (2369) Titled Tuesday intern op 31st Aug blitz 2021 (9)}) ({RR} 5. O-O e5 6. c3 Ngf6 7. Qe2 a6 8. Re1 g6 9. Nbd2 Bg7 10. b3 O-O 11. Ba3 Re8 12. Rad1 Nh5 13. g3 Nhf6 14. dxe5 dxe5 15. Nc4 Qb8 16. Bc2 a5 17. Bc1 Ba6 18. Bd3 Qa7 19. Be3 Ng4 {½-½ Leenhouts,K (2414)-Ozen,B (2369) Titled Tuesday intern op 31st Aug blitz 2021 (8)}) 5... g6 6. Bb2 Bg7 7. Nc3 e6 8. Qe2 a6 9. O-O Ne7 10. Nd1 O-O 11. c4 e5 12. Rc1 Qe8 13. Ne3 c5 14. dxe5 dxe5 15. Nd5 Nxd5 16. cxd5 Qe7 17. a4 Qd6 18. Nd2 Kh8 19. f4 f6 20. f5 g5 21. Rc3 Rfd8 22. Bc1 Qe7 23. Bc4 Bf8 24. h4 Qg7 25. Rg3 Bd6 26. Qh5 Rg8 27. Nf3 b5 28. axb5 axb5 29. Bxb5 Ba6 30. Bxa6 Rxa6 31. hxg5 Ra1 32. g6 Bf8 33. Rh3 1-0

[Event "Olympiad Women 2024"]
[Site "Budapest HUN"]
[Date "2024.09.19"]
[Round "8.42"]
[Board "4"]
[White "Cardozo, Camila"]
[Black "Mayeregger Gonzalez, Fiorella Allegra"]
[Result "1/2-1/2"]
[WhiteElo "1673"]
[BlackElo "1796"]
[PlyCount "147"]
[EventDate "2024.09.11"]
[WhiteTeam "Uruguay"]
[BlackTeam "Paraguay"]
[WhiteTeamCountry "URU"]
[BlackTeamCountry "PAR"]

1. d4 d5 2. Bf4 c5 3. e3 cxd4 4. exd4 f6 $146 ({RR} 4... Bf5 5. c3 Qb6 6. Qb3 Qxb3 7. axb3 Nc6 8. Nd2 a6 9. Ngf3 h6 10. b4 g5 11. Bg3 Nf6 12. b5 Nb8 13. Be2 Nfd7 14. Bc7 Bg7 15. O-O O-O 16. Ne5 Rc8 17. Nxd7 Nxd7 {½-½ Haagen Hansen,J-Lamzhav,D WchT Students 08th 1961 (8.4)}) ({RR} 4... e6 5. c3 Bd6 6. Bxd6 Qxd6 7. Qg4 Kf8 8. Bd3 Nf6 9. Qe2 Nc6 10. Nf3 g6 11. Nbd2 Kg7 12. Ne5 Nd7 13. f4 f6 14. Nxc6 bxc6 15. O-O c5 16. Rae1 cxd4 17. cxd4 Rb8 18. Qxe6 Qxe6 19. Rxe6 {½-½ Jakubowski,K (2507)-Malisauskas,V (2483) POL-chT 1st League 2009 (2)}) ({RR} 4... Nf6 5. c3 Qb6 6. Qb3 Qxb3 7. axb3 Nc6 8. b4 Nh5 9. Be3 Bf5 10. b5 Nb8 11. Nd2 Nd7 12. Be2 Nhf6 13. Ngf3 e6 14. h3 Bd6 15. O-O Ke7 16. Ra2 Nb6 17. Nb3 Nfd7 18. Na5 Rab8 19. b3 {1-0 Karlik,V (2286)-Seget,M (2106) CZE-chT2E 1112 2011 (5.1)}) ({RR} 4... Bf5 5. c3 e6 6. Nf3 Nc6 7. Qb3 Qb6 8. Nbd2 Nf6 9. Be2 Be7 10. O-O O-O 11. Rfe1 Rac8 12. h3 h6 13. Ne5 Rfd8 14. g4 Bh7 15. Bg3 Nd7 16. Bd3 Bxd3 17. Nxd3 Qa6 18. Ne5 Ncxe5 19. Bxe5 {½-½ Hemmelgarn,K-Haverkamp,W Oberliga NRW 8788 I 1987 (6)}) ({RR} 4... Nf6 5. c3 e6 6. Nf3 a6 7. Nbd2 Nc6 8. Bd3 Bd6 9. Bxd6 Qxd6 10. O-O O-O 11. Re1 Re8 12. Ne5 Qc7 13. Ndf3 Nxe5 14. dxe5 Nd7 15. Bc2 b5 16. Qd3 g6 17. Rad1 Qc4 18. Qd2 Qc5 19. Re3 {1-0 Baboshin,S-Asenov,R Teteven op 1991 (1)}) 5. Bb5+ Nc6 6. Nc3 e6 7. Nf3 Nge7 8. O-O g6 9. Re1 Bg7 10. Ne2 O-O 11. Ng3 a6 12. Bf1 Qb6 13. Rb1 e5 14. dxe5 fxe5 15. Be3 Qd8 16. c3 Nf5 17. Bg5 Qd6 18. Qb3 Nxg3 19. hxg3 Be6 20. Rbd1 Kh8 21. Qb6 Qd7 22. Be3 Bg4 23. Be2 Rf6 24. Qc5 Rd6 25. Ng5 Bxe2 26. Rxe2 Rf8 27. Ne4 dxe4 28. Qxd6 Qg4 29. Red2 h5 30. Qc7 h4 31. gxh4 Qxh4 32. Qd7 Ne7 33. Qh3 Qxh3 34. gxh3 Nf5 35. Rd8 b5 36. Rxf8+ Bxf8 37. Rd8 Kg7 38. Ba7 Be7 39. Rd5 Bf6 40. Rd7+ Kh6 41. Be3+ Bg5 42. Bxg5+ Kxg5 43. Kf1 Kf4 44. Ke2 e3 45. fxe3+ Nxe3 46. Rd6 g5 47. Rxa6 Ng2 48. Kf2 Nh4 49. a4 bxa4 50. Rxa4+ e4 51. Rc4 Ng6 52. Rc8 Ke5 53. Ke3 Nf4 54. Rc5+ Kf6 55. Kxe4 Nxh3 56. b4 g4 57. Rc8 Ke6 58. Rg8 Nf2+ 59. Kf4 Kd5 60. Rxg4 Nd1 61. Rg5+ Kc4 62. Rc5+ Kb3 63. b5 Nb2 64. b6 Nd3+ 65. Ke4 Nxc5+ 66. Kd5 Na6 67. c4 Kb4 68. b7 Nb8 69. c5 Kb5 70. Kd6 Nc6 71. Kd5 Nb8 72. Kd6 Nc6 73. Kc7 Kxc5 74. b8=Q 1/2-1/2

[Event "Olympiad Women 2024"]
[Site "Budapest HUN"]
[Date "2024.09.19"]
[Round "8.43"]
[Board "1"]
[White "Zhang, Jasmine Haomo"]
[Black "Johnson, Gabriella"]
[Result "1-0"]
[WhiteElo "1956"]
[BlackElo "1896"]
[PlyCount "113"]
[EventDate "2024.09.11"]
[WhiteTeam "New Zealand"]
[BlackTeam "Trinidad & Tobago"]
[WhiteTeamCountry "NZL"]

1. d4 d5 2. Bf4 c5 3. e3 Nc6 4. Nf3 Nf6 5. Nbd2 Bg4 6. c3 e6 7. Qa4 Bxf3 ({RR} 7... Nd7 8. Ne5 Ndxe5 9. Bxe5 cxd4 10. Nb3 f6 11. Bxd4 Bf5 12. Bb5 e5 13. Bc5 Bd7 14. Bxf8 Rxf8 15. Qh4 Qb6 16. Bxc6 Bxc6 17. Qxh7 O-O-O 18. O-O-O Rd7 19. Rd2 Bb5 20. Rhd1 Rfd8 21. Kb1 Ba4 22. Qf5 {1-0 Naiditsch,A (2687)-Najer,E (2679) Wch Blitz Doha 2016 (4)}) 8. Nxf3 a6 9. Ne5 Qc8 10. Bd3 $146 ({RR} 10. Nxc6 Qxc6 11. Qxc6+ bxc6 12. Bd3 Nh5 13. Be5 f6 14. Bc7 f5 15. h3 Kd7 16. Bh2 Nf6 17. f3 h5 18. Kd2 h4 19. Rhe1 Nh5 20. dxc5 Bxc5 21. e4 fxe4 22. fxe4 Rhf8 23. Rf1 Ng3 24. Bxg3 {½-½ Johannsson,O (2300)-Petersson,B (2199) TCh-ISL Kvika 2023-24 (2.2)}) ({RR} 10. Nxc6 Qxc6 11. Qxc6+ bxc6 12. h3 Be7 13. Bd3 O-O 14. O-O-O Nd7 15. Bg3 f5 16. f4 a5 17. Bf2 Rab8 18. g4 a4 19. a3 Rb7 20. Rd2 g6 21. Rg1 Kf7 22. Bg3 Rfb8 23. Rf1 c4 24. Bc2 Rxb2 {0-1 Gatterer,F (2170)-Begmuratov,K (2416) Titled Tue 9th Jul Late 2024 (1)}) 10... c4 11. Be2 b5 12. Qc2 Be7 13. g4 h6 14. h4 Nxe5 15. Bxe5 Qd7 16. Bf3 Bd6 17. g5 Bxe5 18. dxe5 hxg5 19. exf6 gxf6 20. O-O-O gxh4 21. Rd4 f5 22. Rdxh4 Rxh4 23. Rxh4 O-O-O 24. Qd2 Rg8 25. Rh1 Kb7 26. Qd4 Qe7 27. Kc2 b4 28. Qxc4 Rc8 29. Qd4 bxc3 30. bxc3 Qa3 31. Rb1+ Kc7 32. Rb2 a5 33. Qb6+ Kd7 34. Qb3 Qd6 35. Qa4+ Ke7 36. Qh4+ Kd7 37. Qa4+ Ke7 38. Qh4+ Kd7 39. Qf6 Rf8 40. Rb7+ Kc6 41. Rxf7 Re8 42. Qd4 Re7 43. Rxe7 Qxe7 44. Qa4+ Kb6 45. Be2 Qc5 46. Qd4 a4 47. Qxc5+ Kxc5 48. f4 Kd6 49. Bb5 e5 50. Bxa4 d4 51. fxe5+ Kxe5 52. exd4+ Ke4 53. Bb5 Ke3 54. a4 f4 55. a5 f3 56. a6 f2 57. a7 1-0